Diwan Fred / (Record no. 525466)

000 -LEADER
fixed length control field 00481nam a22001817a 4500
003 - CONTROL NUMBER IDENTIFIER
control field NUST
038 ## - RECORD CONTENT LICENSOR
Staff Name Arshad
082 ## - DEWEY DECIMAL CLASSIFICATION NUMBER
Classification number 891.4911
Author Mark CHA
100 ## - MAIN ENTRY--PERSONAL NAME
Personal name Chandiw, Javed
9 (RLIN) 16360
245 ## - TITLE STATEMENT
Title Diwan Fred /
Statement of responsibility, etc. Javed Chandiw
260 ## - PUBLICATION, DISTRIBUTION, ETC.
Place of publication, distribution, etc. Bahawalpur :
Name of publisher, distributor, etc. Saraiki Adbi Majles,
Date of publication, distribution, etc. 1998.
300 ## - PHYSICAL DESCRIPTION
Extent 655 p.:
500 ## - GENERAL NOTE
General note Hardcover.
650 ## - SUBJECT ADDED ENTRY--TOPICAL TERM
Topical term or geographic name entry element Punjabi litrature
9 (RLIN) 16249
880 ## - ALTERNATE GRAPHIC REPRESENTATION
Linkage 100-01\r
Title جاوید چانڈیو
880 ## - ALTERNATE GRAPHIC REPRESENTATION
Linkage 245-02\r
Title دیوان فرید /
942 ## - ADDED ENTRY ELEMENTS (KOHA)
Source of classification or shelving scheme
Koha item type Book
Holdings
Withdrawn status Lost status Source of classification or shelving scheme Damaged status Not for loan Permanent Location Current Location Shelving location Date acquired Total Checkouts Full call number Barcode Date last seen Price effective from Koha item type
          Central Library (CL) Central Library (CL) Punjabi Literature 07/02/2019   891.4911 CHA CL-E-809 07/02/2019 07/02/2019 Book
© 2023 Central Library, National University of Sciences and Technology. All Rights Reserved.